| 000 | 00703cam a2200217 a 4500 | ||
|---|---|---|---|
| 001 | 2544105 | ||
| 005 | 20180122074312.0 | ||
| 008 | 941212s1995 ohu d 000 0 eng | ||
| 010 | _a 94046931 | ||
| 020 | _a0028603117 | ||
| 040 |
_aDLC _cDLC _dDLC |
||
| 041 | _aeng | ||
| 080 | _a423 VIC | ||
| 082 | 0 | 0 |
_a423 VIC _220 |
| 100 | _a22 | ||
| 101 | _aFJA | ||
| 245 | 0 | 0 |
_aWebster's New World compact school and office dictionary / _cVictoria Neufeldt, editor in chief, Andrew N. Sparks, project editor. |
| 906 |
_a7 _bcbc _corignew _d1 _eocip _f19 _gy-gencatlg |
||
| 942 |
_2ddc _cBK |
||
| 999 |
_c40667 _d40667 |
||